000 00504nam a2200169Ia 4500
999 _c11425
_d11425
003 OSt
005 20200106093825.0
008 190216s9999||||xx |||||||||||||| ||und||
020 _a9789380179971
040 _coclc
082 _a332.15
_bSHA/I
100 _aShah, C K
_91059
245 0 _aInternational Banking In 21st Century /
_cC K Shah ; Suresh Garg
260 _bOxford Book Company,
_c2010.
_aNew Delhi:
300 _a257p
942 _cBK
_2ddc
_h332.15
_iSHA/I
_k332.15
_mSHA/I